Modlitba pro Kateřinu Horovitzovou /
Dramaticky vypjatá novela o tragickém osudu židovské dívky, která povýšila pomstu za své soukmenovce na smysl své existence.
Uloženo v:
| Hlavní autor: | |
|---|---|
| Médium: | E-kniha |
| Jazyk: | Czech |
| Vydáno: |
Praha :
Dobrovský s.r.o.,
2024
|
| Edice: | 1400
|
| Témata: | |
| Tagy: |
Žádné tagy |
| LEADER | 02374nam a2200481 i 4500 | ||
|---|---|---|---|
| 001 | 312603 | ||
| 003 | CZ PrSKC | ||
| 005 | 20260601215725.0 | ||
| 007 | ta | ||
| 008 | 250106s2024 xr g 000 f cze | ||
| 015 | |a cnb003568468 | ||
| 020 | |a 9788027741472 |q (vázáno) : |c Kč 299,00 | ||
| 035 | |a (OCoLC)1505965793 | ||
| 040 | |a ABG001 |b cze |e rda | ||
| 045 | |a x3x4 | ||
| 072 | 7 | |a 821.162.3-3 |x Česká próza |2 Konspekt | |
| 080 | |a 821.162.3-32 |2 MRF | ||
| 080 | |a (=411.16) |2 MRF | ||
| 080 | |a 323.28 |2 MRF | ||
| 080 | |a 323.12"1939/1945" |2 MRF | ||
| 080 | |a (0:82-32) |2 MRF | ||
| 100 | 1 | |a Lustig, Arnošt, |d 1926-2011 |7 jk01072683 |4 aut | |
| 245 | 1 | 0 | |a Modlitba pro Kateřinu Horovitzovou / |c Arnošt Lustig |
| 264 | 1 | |a Praha : |b Dobrovský s.r.o., |c 2024 | |
| 300 | |a 141 stran ; |c 21 cm | ||
| 336 | |a text |b txt |2 rdacontent | ||
| 337 | |a bez média |b n |2 rdamedia | ||
| 338 | |a svazek |b nc |2 rdacarrier | ||
| 490 | 1 | |a 1400 | |
| 520 | 2 | |a Dramaticky vypjatá novela o tragickém osudu židovské dívky, která povýšila pomstu za své soukmenovce na smysl své existence. |b Lustig ve své sugestivní novele zpracovává motiv sadistické léčky, s jejíž pomocí se nacističtí pohlaváři pokusili získat majetek od skupiny zajatých bohatých židovských obchodníků. V druhé rovině novely pak vypráví vlastní příběh hrdinky, dívky, která se na prahu smrti vzepře ponižování své lidské důstojnosti a dokáže v sobě zmobilizovat sílu, schopnou překonat strach i přirozený pud sebezáchovy. | |
| 648 | 7 | |a 1939-1945 |7 ch460653 |2 czenas | |
| 650 | 0 | 7 | |a Židé |7 ph127782 |x perzekuce |y 1939-1945 |2 czenas |
| 650 | 0 | 7 | |a holocaust (1939-1945) |7 ph117203 |2 czenas |
| 650 | 0 | 9 | |a Jews |x persecutions |y 1939-1945 |2 eczenas |
| 650 | 0 | 9 | |a holocaust (1939-1945) |2 eczenas |
| 655 | 7 | |a české novely |7 fd133969 |2 czenas | |
| 655 | 9 | |a Czech novellas |2 eczenas | |
| 830 | 0 | |a 1400 | |
| 900 | |a ABA001 |b 19 | ||
| 044 | |a xr | ||
| 910 | |a RBIT002 | ||
| 998 | |d 416705 |a https://core.palmknihy.cz/api/books/416705/cover?spddx0 |b https://core.palmknihy.cz/api/books/416705/cover/400?spddx0 |c https://core.palmknihy.cz/api/books/416705/cover/50?spddx0 |e |g 144 |i 9788027741472 |j https://core.palmknihy.cz/api/books/416705/preview.epub |k https://core.palmknihy.cz/api/books/416705/preview.pdf |l |q 49 |r 1 |s https://www.palmknihy.cz/kniha/416705 |t ebook |y 2024 |z 0 | ||
| 999 | |d 312601 | ||